Curriculum visions
Αποθηκεύτηκε σε:
| Άλλοι συγγραφείς: | , |
|---|---|
| Μορφή: | Βιβλίο |
| Γλώσσα: | English |
| Δημοσίευση: |
New York :
Peter Lang,
[c2002]
|
| Σειρά: | Counterpoints (New York, N.Y.)
; 151 |
| Θέματα: | |
| Ετικέτες: |
Προσθήκη ετικέτας
Δεν υπάρχουν, Καταχωρήστε ετικέτα πρώτοι!
|
MARC
| LEADER | 00000nam a2200000 i 4500 | ||
|---|---|---|---|
| 001 | 1/51559 | ||
| 008 | 070810s2002 eng d | ||
| 020 | |a 0-8204-4999-7 | ||
| 035 | |l 10089752 | ||
| 040 | |a GR-MY-UA |b gre |e aacr | ||
| 041 | 0 | |a eng | |
| 082 | 0 | |a 375.001 |2 (22) | |
| 245 | 1 | 0 | |a Curriculum visions / |c edited by William E. Doll, Jr. and Noel Gough |
| 260 | |a New York : |b Peter Lang, |c [c2002] | ||
| 300 | |a xiii, 310 σ.; |c 23 εκ. | ||
| 490 | 1 | |a Counterpoints. studies in the postmodern theory of education |v ; 151 | |
| 504 | |a Περιλαμβάνει βιβλιογραφίες και ευρετήριο | ||
| 650 | 0 | 0 | |a Curriculum planning. |
| 650 | 0 | 0 | |a Curriculum planning |x Philosophy. |
| 650 | 0 | 0 | |a Postmodernism and education. |
| 700 | 1 | |a Doll, William E. |4 edt | |
| 700 | 1 | |a Gough, Noel |d 1944- |4 edt | |
| 830 | 0 | |a Counterpoints (New York, N.Y.) |v ; 151 | |
| 852 | |a INST |b RHODES |e 20070810 |h 375.001 CUR |p 005400025969 |q 005400025969 |t BK |y 0 | ||
| 901 | |a BIBL4-2007-2 | ||
| 909 | |a Ρ |b 135857 | ||
| 922 | |a 4ΕΛΗ |b 200706 |c ΕΠΕΑΕΚ2/ΠΤΔΕ |d ΕΛΕΥΘΕΡΟΥΔΑΚΗΣ | ||
| 970 | |a ΧΑΡΙΟΠΟΛΙΤΟΥ |b ΚΩΝΣΤΑΝΤΙΝΑ |z 2007/08/10 | ||